| 000 | 00381cam a22001457a 4500 | ||
|---|---|---|---|
| 008 | 180718b1930 xxu||||| |||| 00| 0 eng d | ||
| 082 | _aB19x54 M235 | ||
| 100 | _aMacnicol, Nicol | ||
| 245 |
_aIndia in the dark wood _cby Nicol Macnicol |
||
| 260 |
_aLondon _bEdin Burgn House Press _c1930 |
||
| 300 | _a224p. | ||
| 440 | _abibl. | ||
| 500 | _aRs.5.75 | ||
| 650 | _aMissions --India | ||
| 999 |
_c373314 _d373314 |
||